"Greek" Things - Statistics

General Stats
  • This quiz has been taken 22 times
    21 since last reset
  • The average score is 9 of 20
Answer Stats
Hint Answer % Correct
Tomatoes, cucumbers, onion, feta cheese and olives mixed together Greek salad
86%
Writing script which is the ancestor to Latin, Cyrillic and other scripts Greek alphabet
76%
Movie about an Hellenic-american woman getting married My Big Fat Greek Wedding
76%
Christian denomination that is the largest in Greece Greek Orthodox
71%
Character who heads an international smuggling operation in TV show The Wire The Greek
71%
Dramatic genre in Ancient Greece that ends in the hero's downfall Greek tragedy
67%
The body of stories about the gods of Ancient Greece Greek mythology
62%
Secret Byzantine incendiary weapon speculated to have resembled napalm bombs Greek fire
52%
When you can't understand what you hear or read, you might respond with this That's Greek to me
52%
Performance art that became the prototype of Western stage art, or a show venue in Los Angeles Greek Theatre
48%
Film starring Anthony Quinn about a simple and happy man from Crete Zorba the Greek
48%
Nickname of NBA star Giannis Antetokounmpo Greek Freak
43%
Type of performers in plays that comment together in one voice on the main actors' actions Greek chorus
38%
Something given with the same intent as the Trojan Horse was given with Greek gift
38%
2010 comedy with Russel Brand and Jonah Hill Get Him to the Greek
33%
Collective name for college fraternities in North America and their customs Greek Life
29%
Road in Soho, London, famous for its restaurants Greek Street
24%
Old-fashioned term for homoerotic customs of ancient Greece Greek love
19%
Nickname for late Prince Philip, Duke of Edinburgh Phil the Greek
5%
Metaphorically referring to a time that will likely never arrive The Greek Calends
5%
No matching quizzes found
Score Distribution
Percent of People with Each Score
Percentile by Number Answered
Your Score History
You have not taken this quiz since the last reset